LEADER 00799nam a2200205 i 4500 001 000000212858 003 CaOOAMICUS 005 20120502000000.0 008 120502s1960 it u000 u ita u 013 $a191707 040 $aSeMil$bita 245 10$a2. 300 $a749 p., [37] c. di tav. 490 0 $aMiscellanea Laurentiana ;$v5. 500 $aContiene : Bibliografia. - In appendice : Note critiche. 773 0 $aArturo : da Carmignano di Brenta $tSan Lorenzo da Brindisi.$dVenezia ; Mestre : Curia Provinciale Frati Minori Cappuccini, 1960-1963.$w()26682 830 0$aMiscellanea Laurentiana ;$v5.$0(OLS)http://semarc/title/36035 850 $aSeMil 852 $aSeMil$W1$xVenegono$y1$m2D V 44$j163288$B163288$CSeMilBibl$Z2$F174396 $81 996 $6245$a2$9(OLS)http://semarc/title/46889 LEADER 00850nam a2200217 i 4500 001 000000074832 003 CaOOAMICUS 005 20240405154052.0 008 070726s1918 it u000 u ita u 013 $a46004 040 $aSeMil$bita 100 1 $aBenelli, Sem <1877-1949>.$0(OLS)http://semarc/name/8246 245 12$aL'Amore dei tre Re :$bpoema tragico in tre atti /$cDI Sem Benelli. 260 $aMilano :$bFratelli Treves,$cstampa 1918. 300 $a117 p., [3] p. di tav. ;$c20 cm. 500 $aAi pič del front : 7° impressione. 850 $aSeMil 852 $aSeMil$W1$xVenegono$y1$m1D IV 12$j40984$B40984$CSeMilBibl$Z2$F40988 $81 996 $6245$aL'Amore dei tre Re :$bpoema tragico in tre atti$9(OLS)http://semarc/title/121369 996 $6260$aMilano :$bFratelli Treves$9(OLS)http://semarc/publisher/30212